[Event "Oberpfalz-ch M3"]
[Site "Roding"]
[Date "2010.03.28"]
[Round "4"]
[White "Knieps, Anna"]
[Black "Schwab, Leon"]
[Result "1-0"]
[WhiteElo "1174"]
[BlackElo "858"]
[PlyCount "33"]
[EventDate "2010.03.27"]
[EventType "swiss"]
[EventRounds "8"]
[EventCountry "GER"]
[SourceTitle "EXT 2012"]
[Source "ChessBase"]
[SourceDate "2011.11.24"]
[SourceVersion "1"]
[SourceVersionDate "2011.11.24"]
[SourceQuality "1"]

1. e4 d5 2. exd5 Qxd5 3. Nc3 Qa5 4. Nf3 Nf6 5. d4 Nc6 6. Bd2 Bg4 7. Ne4 Bxf3 8. Qxf3 Qb6 9. Nxf6+ gxf6 10. Bc3 0-0-0 11. 0-0-0 Nxd4 12. Bxd4 Rxd4 13. Rxd4 Qxd4 14. Bd3 a6 15. Rd1 Bh6+ 16. Kb1 Rg8 17. Bf5+ 1-0

[Event "Oberpfalz-ch M3"]
[Site "Roding"]
[Date "2010.03.27"]
[Round "1"]
[White "Winklmeier, Joachim"]
[Black "Knieps, Anna"]
[Result "1-0"]
[WhiteElo "1475"]
[BlackElo "1174"]
[PlyCount "47"]
[EventDate "2010.03.27"]
[EventType "swiss"]
[EventRounds "8"]
[EventCountry "GER"]
[SourceTitle "EXT 2012"]
[Source "ChessBase"]
[SourceDate "2011.11.24"]
[SourceVersion "1"]
[SourceVersionDate "2011.11.24"]
[SourceQuality "1"]

1. d4 d5 2. c4 Nf6 3. cxd5 Nxd5 4. e4 Nb6 5. Nc3 e6 6. Nf3 Bb4 7. a3 Bxc3+ 8. bxc3 Nc6 9. Bd3 0-0 10. Qc2 e5 11. d5 Ne7 12. Nxe5 Qe8 13. f4 f6 14. Nf3 Nexd5 15. 0-0 Ne7 16. a4 a5 17. e5 h6 18. Re1 Bd7 19. exf6 Rxf6 20. Qa2+ Kf8 21. Ba3 Qh5 22. Bxe7+ Ke8 23. Qg8+ Rf8 24. Qxf8# 1-0